Star Trek TNG A-Z Quiz Stats

Quiz not verified by Sporcle

Challenge
Share
Tweet
Embed
Score 0/26 Timer 05:00
0 Plays Today
Hint Answer % Correct
Name of the shipEnterprise
95.8%
Android science officerData
95.6%
What is Worf?Klingon
94.6%
______ PicardJean-Luc
94.4%
Chief Medical Officer in seasons 1,3-7Beverly Crusher
93%
Number oneWilliam Riker
92.1%
Ships CounselorDeanna Troi
92.1%
Chief EngineerGeordi LaForge
91.1%
Think about itQ
90.9%
Bartender in 10 ForwardGuinan
90.4%
Chief of Security/Tactical Officer (2-7)Worf
90.3%
Security Chief in season 1Tasha Yar
89.5%
'Encounter at _____'Farpoint
88%
Hint Answer % Correct
Place where Barclay finds solace Holodeck
86.6%
Musical instrument (nothing to do with Star Trek, but I needed an X)Xylophone
85.6%
Last movie with TNG castNemesis
83.8%
Plays Geordi (has a V in the name)LeVar Burton
81.3%
Doctor in season 2Katherine Pulaski
79.5%
Antagonist in 'Elementary, Dear Data'Moriarty
75.7%
Name of last episodeAll Good Things
74.9%
Introduced in 'Q Who?'Borg
56.4%
Episodes with Spock in themUnification
54%
Inventor of warp driveZefram Cochrane
53.6%
Episode where Picard lives another lifeThe Inner Light
48.2%
'The Outrageous ____'Okona
41.7%
Episode where Worf is declared a traitorSins of the Father
40.6%

You're not logged in!

Compare scores with friends on all Sporcle quizzes.
Sign Up with Email
OR
Log In

You Might Also Like...

Show Comments

Extras

Top Quizzes Today


Score Distribution

Your Account Isn't Verified!

In order to create a playlist on Sporcle, you need to verify the email address you used during registration. Go to your Sporcle Settings to finish the process.